000 00383nam a2200181Ia 4500
001 7744
005 20250626025525.0
008 211022s9999 xx 000 0 und d
020 _a9690015966
082 _a954.9183 DEL
100 _aDelamotte Jill
245 0 _aImages of Karachi
260 _aKarachi
260 _bFerozsons
260 _c2000
300 _aV.P
942 _cBK
999 _c4401
_d4401